Entry Personal Name
Number of records used in: 1
001 - CONTROL NUMBER
003 - CONTROL NUMBER IDENTIFIER
005 - DATE AND TIME OF LATEST TRANSACTION
- control field:
20230915111630.0
008 - FIXED-LENGTH DATA ELEMENTS
- fixed length control field:
820517n| azannaabn |n aaa
010 ## - LIBRARY OF CONGRESS CONTROL NUMBER
- LC control number:
n 82051055
035 ## - SYSTEM CONTROL NUMBER
- System control number:
(OCoLC)oca00747987
040 ## - CATALOGING SOURCE
- Original cataloging agency:
DLC
- Language of cataloging:
eng
- Description conventions:
rda
- Transcribing agency:
DLC
- Modifying agency:
DNLM
- Modifying agency:
DLC
046 ## - SPECIAL CODED DATES
100 1# - HEADING--PERSONAL NAME
- Personal name:
Schmidt, Richard A.
- Fuller form of name:
(Richard Allen),
- Dates associated with a name:
1941-2015
670 ## - SOURCE DATA FOUND
- Source citation:
His Motor skills, 1975.
670 ## - SOURCE DATA FOUND
- Source citation:
Motor learning and performance, 2013:
- Information found:
ECIP t.p. (Richard A. Schmidt, PhD, Human Performance Research, Marina del Rey, California, professor emeritus, University of California at Los Angeles) data view (born 1941)
670 ## - SOURCE DATA FOUND
- Source citation:
Motor learning and performance, 2020:
- Information found:
title page (Richard A. Schmidt) page iii (in memoriam: Richard Allen (Dick) Schmidt, 1941-2015; influential scientist in the field of motor control and learning)